|
|
|
|
| LEADER |
00810cam a2200265 7i4500 |
| 001 |
0000036503 |
| 005 |
20201007090000.0 |
| 007 |
##ta |
| 008 |
201005s2020 my eng |
| 020 |
# |
# |
|a 9780367338640
|
| 040 |
# |
# |
|a MATR
|
| 090 |
0 |
0 |
|a I 338.542091724
|b IKE
|
| 100 |
1 |
# |
|a Ikeda, Eri
|e author
|
| 245 |
1 |
0 |
|a Global Business Cycles and Developing Countries /
|c Eri Ikeda.
|
| 264 |
# |
4 |
|a ♭.
|
| 264 |
# |
1 |
|a New York, United States of America:
|b Routledge,
|c 2019.
|
| 300 |
# |
# |
|a xi, 120 pages:
|b illustrations;
|c 24 cm.
|
| 336 |
# |
# |
|a text
|2 rdacontent
|
| 337 |
# |
# |
|a unmediated
|2 rdamedia
|
| 338 |
# |
# |
|a volume
|2 rdacarrier
|
| 504 |
# |
# |
|a Includes bibliographical references and index
|
| 650 |
1 |
0 |
|a Konjunktur
|
| 650 |
2 |
0 |
|a Welt
|
| 650 |
2 |
0 |
|a Entwickling
|
| 999 |
|
|
|a 0000041087
|b Book
|c International
|e Business Information Centre
|